000 00327nam a22001337a 4500
020 _a978-81-8477-747-5
082 _a425
_bALL/A
100 _aROSEMARY ALLEN
245 _aACTIVE GRAMMAR PRACTICE BOOK 2
260 _aDELHI
_bSCHOLASTIC INDIA
_c2015
300 _a88
650 _aENGLISH GRAMMAR PRACTICE BOOK
_zINDIA
942 _cBK
999 _c956
_d956